000 00625nam a2200217 a 4500
001 000012454
005 20200929163027.0
008 091112s1995 sp 000 j spa d
020 _a842064658X
040 _aDO-SdBNP
_bspa
_cBNPHU
082 _aU863.44
_bG152m
100 1 _aGaleano, Eduardo H.,
_d1940-
_923356
245 1 0 _aMujeres /
_cEduardo Galeano.
260 _aMadrid :
_bAlianza,
_c1995.
300 _a62 p. ;
_c15 cm.
490 1 _aAlianza cien
_v58
500 _aLibro de bolsillo
650 4 _aCuentos uruguayos
_98971
650 4 _aLiteratura uruguaya
_ySIGLO XX
_916336
830 0 _aAlianza cien ;
_v58
_912832
999 _c12111
_d12111